Las guerras de Napoleón: una historia internacional, 1803-1815

Salvato in:
Dettagli Bibliografici
Autore principale: Esdaile, Charles J (Autore)
Natura: Libro
Lingua:spagnolo
Pubblicazione: Barcelona Crítica 2009
Serie:Serie Mayor
Soggetti:
Tags: Aggiungi Tag
Nessun Tag, puoi essere il primo ad aggiungerne!!

MARC

LEADER 00000cam a2200000 a 4500
001 UCG6213
003 CL-VaPUC
008 110407e20090000SP |||||||||||||||||spa|d
020 |a 9788474237535 
082 0 4 |a 944.05  |b ESD  |2 21 
100 0 |a Esdaile, Charles J  |e author  |9 556260 
245 1 4 |a Las guerras de Napoleón: una historia internacional, 1803-1815 
300 |a 728 p 
942 |c BK 
945 |d 20110407 00:00:00  |a jcampos 
260 |a Barcelona  |b Crítica  |c 2009 
600 0 |a Bonaparte, Napoleón   |9 317802 
650 0 |a Historia de Francia  |9 336927 
650 7 |a GUERRAS NAPOLEONICAS  |2 CL-VaPUC  |9 340406 
651 0 |a Francia  |9 255157 
583 |a last modification  |c 20130327 12:51:37  |k Rodrigo Vera 
490 0 |a Serie Mayor 
999 |c 344487  |d 344485 
952 |0 0  |1 0  |4 0  |6 944_050000000000000_ESD_2009  |7 0  |8 A  |9 442477  |a BIBHIS  |b BIBHIS  |d 2019-11-22  |i 4765672  |o 944.05 ESD 2009  |p 4765672  |r 2025-01-20  |w 2019-11-22  |y BK  |k HIS 
952 |0 0  |1 0  |4 0  |6 944_050000000000000_ESD_2009  |7 0  |8 X  |9 442478  |a FDOBUD  |b FDOBUD  |d 2019-11-22  |i 4861477  |o 944.05 ESD 2009  |p 4861477  |r 2019-11-22  |w 2019-11-22  |y BK_X  |k BUD